Name Countries & Capitals of Europe - Map - Statistics

General Stats
  • This quiz has been taken 114 times
  • The average score is 38 of 45
Answers on the Map
Answers color-coded by a green-red scale on the quiz's map according to % correct below.
 
Answer Stats
Country % Correct
France - Paris
97%
Italy - Rome
97%
United Kingdom - London
97%
Germany - Berlin
96%
Ireland - Dublin
96%
Spain - Madrid
96%
Netherlands - Amsterdam
94%
Norway - Oslo
94%
Russia - Moscow
94%
Finland - Helsinki
93%
Greece - Athens
93%
Denmark - Copenhagen
91%
Poland - Warsaw
91%
Portugal - Lisbon
91%
Sweden - Stockholm
91%
Luxembourg - Luxembourg
90%
Switzerland - Bern
88%
Austria - Vienna
87%
Belarus - Minsk
87%
Belgium - Brussels
87%
Ukraine - Kiev
87%
Vatican - Vatican city
87%
Latvia - Riga
84%
Monaco - Monaco
84%
Romania - Bucharest
84%
Czechia - Prague
83%
Hungary - Budapest
83%
San Marino - San Marino
83%
Andorra - Andorra la Vella
81%
Bulgaria - Sofia
81%
Estonia - Tallinn
81%
Croatia - Zagreb
80%
Iceland - Reykjavik
80%
Lithuania - Vilnius
80%
Albania - Tirana
77%
Serbia - Belgrade
77%
Bosnia and Herzegovina - Sarajevo
75%
Slovakia - Bratislava
75%
Kosovo - Pristina
71%
Liechtenstein - Vaduz
71%
Malta - Valletta
71%
Moldova - Chisinau
70%
Slovenia - Ljubljana
68%
North Macedonia - Skopje
67%
Montenegro - Podgorica
59%
No matching quizzes found
Score Distribution
Percent of People with Each Score
Percentile by Number Answered
Your Score History
You have not taken this quiz